00556 2200229 4500001002100000005001500021035002000036245007700056100001700133250000700150300002400157260003500181082001200216084001800228020001800246600001700264990000900281990000900290990000900299990000900308990000900317INLIS00000000000001320250924101646 a0010-09250000041 aKumpulan Aplikasi Free dan Open Source Untuk Berinternet /cEfisitek.com0 aEfisitek.com a1. a184 hlm. ;c19,9cm. aBandung :bYrama Widya,c2007. a004.678 a004.678 EFI k a9789795435181 4aEfisitek.com a1447 a1448 a1449 a1450 a1451